00280nam a2200109Ia 4500008004100000041000800041082001600049100001700065245002700082260004300109300001800152240719s9999 xx 000 0 und d aeng a294.592 GAN aGanatra, Ami aMahabharata Unravelled aNew DelhibBloomsbury Publishingc2021 a373.; P 23 Cm